KOHA-Header-6

Human Development In South Asia 2002 Agriculture and Rural Development (Record no. 8971)

000 -LEADER
fixed length control field 00303nam a2200109Ia 4500
100 ## - MAIN ENTRY--AUTHOR NAME
Personal name Mahbub ul Haq
245 #0 - TITLE STATEMENT
Title Human Development In South Asia 2002 Agriculture and Rural Development
260 ## - PUBLICATION, DISTRIBUTION, ETC. (IMPRINT)
Place of publication New York
Name of publisher Addison
Year of publication 1997
300 ## - PHYSICAL DESCRIPTION
Number of Pages 350
942 ## - ADDED ENTRY ELEMENTS (KOHA)
Koha item type Books
Holdings
Withdrawn status Lost status Collection code Permanent Location Current Location Shelving location Date acquired Full call number Accession Number Koha item type
    English Literature MAJU MAJU Shelf No.A14 2019-09-14 332.21 4206 English Literature

Powered by Koha